[Event "AUTO-MASTER-1229"]
[Site "http://www.queenalice.com/game.php?id=837447"]
[Date "2010.9.24"]
[Round "1"]
[White "andrevillares"]
[Black "ronaldots"]
[Result "0-1"]
[WhiteElo "2038"]
[BlackElo "2103"]

1. d4 Nf6 2. c4 e5 3. d5 Bc5 4. Nc3 c6 5. e4 d6 6. Be2 h6 7. Nf3 O-O 8. O-O Nh7
9. Ne1 f5 10. Nd3 Bb6 11. b4 Bd4 12. Bb2 fxe4 13. Nxe4 Bxb2 14. Nxb2 Na6 15. a3
Bf5 16. Ng3 Qe7 17. Nxf5 Rxf5 18. Bg4 Rf4 19. Be6+ Kh8 20. Qh5 Nc7 21. Rfd1 Nxe6
22. dxe6 Qxe6 23. Rd3 Raf8 24. Rf1 Nf6 25. Qg6 Rg4 26. Rxd6 Qxd6 27. Qf5 Rg5 28.
Qc2 Nh5 29. Rd1 Qe6 30. Rd3 Nf4 31. Rg3 Nh3+ 32. gxh3 Qxh3 33. Rxg5 hxg5 34. Qd2
Rf4 35. f3 Qxf3 36. Qg2 Rg4 0-1

[Event "AUTO-MASTER-1230"]
[Site "http://www.queenalice.com/game.php?id=838113"]
[Date "2010.9.26"]
[Round "1"]
[White "ronaldots"]
[Black "KLEOJ"]
[Result "1-0"]
[WhiteElo "2087"]
[BlackElo "2165"]

1. d4 Nc6 2. e4 d5 3. e5 Bf5 4. f4 e6 5. Nf3 Nh6 6. Bd3 Be7 7. O-O O-O 8. c3 Na5
9. b4 Nc6 10. Be3 Bxd3 11. Qxd3 Nf5 12. Nbd2 a5 13. b5 Na7 14. a4 c6 15. Rab1
cxb5 16. axb5 b6 17. g4 Nxe3 18. Qxe3 Rc8 19. f5 Qd7 20. Ng5 Nxb5 21. f6 Rxc3
22. Qe1 Bd8 23. Qh4 h6 24. Ndf3 Rd3 25. fxg7 Kxg7 26. Nxe6+ fxe6 27. g5 Rh8 28.
Qg4 h5 29. Qg2 Nxd4 30. Nh4 Qc7 31. g6 Qxe5 32. Rf7+ Kg8 33. g7 Rg3 34. gxh8=Q+
Kxh8 35. hxg3 Bxh4 36. gxh4 Ne2+ 37. Kf2 Nf4 38. Rf8+ Kh7 39. Qg8+ Kh6 40. Qh8+
Qxh8 41. Rxh8+ Kg7 42. Rb8 d4 43. R1xb6 a4 44. R8b7+ Kf6 45. Ra6 d3 46. Rxa4 e5
47. Ke3 Kf5 48. Rf7+ Kg4 49. Re4 Kxh4 50. Rxe5 Ng6 51. Re4+ Kg5 52. Kxd3 h4 53.
Ke3 1-0

[Event "AUTO-MASTER-1230"]
[Site "http://www.queenalice.com/game.php?id=838114"]
[Date "2010.9.26"]
[Round "1"]
[White "KLEOJ"]
[Black "ronaldots"]
[Result "1-0"]
[WhiteElo "2144"]
[BlackElo "2131"]

1. Nc3 Nf6 2. d4 c5 3. d5 d6 4. e4 e5 5. Nf3 Be7 6. Be2 O-O 7. O-O h6 8. Nd2 Nh7
9. a4 f5 10. f4 Bf6 11. Nc4 Qe7 12. fxe5 Bxe5 13. Nxe5 Qxe5 14. Bf4 Qe7 15. Bd3
a6 16. a5 Ng5 17. exf5 Bxf5 18. Re1 Qd8 19. h4 Nh7 20. Bg3 Bxd3 21. Qxd3 1-0

[Event "AUTO-MASTER-1230"]
[Site "http://www.queenalice.com/game.php?id=838115"]
[Date "2010.9.26"]
[Round "1"]
[White "ronaldots"]
[Black "Janivgm"]
[Result "1-0"]
[WhiteElo "2081"]
[BlackElo "1848"]

1. d4 Nf6 2. c4 d5 3. Nc3 e6 4. Bg5 h6 5. Bxf6 gxf6 6. e4 Bb4 7. Bd3 c6 8. Ne2
Nd7 9. Qb3 a5 10. a3 dxc4 11. Bxc4 Nf8 12. axb4 Bd7 13. bxa5 Rxa5 14. O-O b5 15.
Bd3 e5 16. d5 Ng6 17. dxc6 Bxc6 18. Bxb5 Bxb5 19. Rxa5 Qxa5 20. Qxb5+ Qxb5 21.
Nxb5 Rg8 22. Nd6+ Ke7 23. Nf5+ Ke6 24. Nxh6 Rg7 25. Nf5 Rh7 26. b4 Nh4 27. Nxh4
Rxh4 28. f3 f5 29. exf5+ Kxf5 30. Rb1 e4 31. Ng3+ Kf4 32. fxe4 Ke3 33. Nf5+ 1-0

[Event "AUTO-MASTER-1230"]
[Site "http://www.queenalice.com/game.php?id=838116"]
[Date "2010.9.26"]
[Round "1"]
[White "Janivgm"]
[Black "ronaldots"]
[Result "1-0"]
[WhiteElo "1845"]
[BlackElo "2192"]

1. e4 c5 2. d4 cxd4 3. Qxd4 Nc6 4. Qa4 Nf6 5. Nc3 e5 6. Bb5 Bb4 7. Bd2 Bxc3 8.
Bxc3 O-O 9. O-O-O Ng4 10. Nh3 f6 11. f3 Nh6 12. Qc4+ Nf7 13. Nf2 a6 14. Bxc6
bxc6 15. Nd3 d5 16. Qxc6 d4 17. Qxa8 dxc3 18. b3 Qa5 19. a4 1-0

[Event "AUTO-MASTER-1230"]
[Site "http://www.queenalice.com/game.php?id=838117"]
[Date "2010.9.26"]
[Round "1"]
[White "ronaldots"]
[Black "Aylton"]
[Result "0-1"]
[WhiteElo "2095"]
[BlackElo "2145"]

1. e4 c5 2. Nf3 Nc6 3. Bc4 e6 4. c3 d5 5. exd5 exd5 6. Be2 Nf6 7. d4 h6 8. O-O
Be7 9. h3 O-O 10. Be3 b6 11. Nh2 Be6 12. Ng4 Nxg4 13. Bxg4 f5 14. Bf3 c4 15. Bf4
g5 16. Bd2 Kg7 17. Na3 Bxa3 18. bxa3 Qd7 19. Qc1 f4 20. h4 Kg6 21. Bd1 Rae8 22.
h5+ Kg7 23. f3 Qf7 24. Ba4 Bd7 0-1

[Event "AUTO-MASTER-1230"]
[Site "http://www.queenalice.com/game.php?id=838118"]
[Date "2010.9.26"]
[Round "1"]
[White "Aylton"]
[Black "ronaldots"]
[Result "0-1"]
[WhiteElo "2056"]
[BlackElo "2092"]

1. d4 d5 2. Nf3 c5 3. e3 Nc6 4. c4 dxc4 5. Bxc4 cxd4 6. Nxd4 Nxd4 7. Qxd4 Qxd4
8. exd4 Bd7 9. O-O Nf6 10. Nc3 e6 11. a3 Be7 12. h3 O-O 13. Be3 a6 14. Rfc1 Rac8
15. Be2 h6 16. Kf1 Bc6 17. b4 Nd5 18. Nxd5 Bxd5 19. f3 Rc6 20. b5 axb5 21. Bxb5
Rxc1+ 22. Bxc1 Rc8 23. Be3 Rc3 24. Bd2 Rc2 25. Ke2 Bg5 26. Rd1 Rb2 27. Ba4 b5
28. Bxb5 Rxb5 29. Bxg5 hxg5 30. Ra1 Rb2+ 31. Kf1 Rb5 32. Ke2 Kh7 33. Kd3 Rb2 34.
a4 Rxg2 35. a5 Rg3 36. a6 Rxf3+ 37. Kc2 Rxh3 38. a7 Kg6 39. a8=Q Bxa8 40. Rxa8
Kf5 0-1

[Event "AUTO-OPEN-2094"]
[Site "http://www.queenalice.com/game.php?id=872824"]
[Date "2010.12.16"]
[Round "2"]
[White "alvarogoulart"]
[Black "ronaldots"]
[Result "0-1"]
[WhiteElo "1868"]
[BlackElo "2118"]

1. e4 c5 2. Bc4 Nc6 3. Nf3 e6 4. d3 g6 5. O-O Bg7 6. Bd2 Nge7 7. Bc3 O-O 8. Bxg7
Kxg7 9. Nc3 a6 10. d4 b5 11. Be2 cxd4 12. Nxd4 Qb6 13. Nxc6 Nxc6 14. Bd3 Bb7 15.
Ne2 Rad8 16. c3 d5 17. exd5 Ne5 18. Be4 Bxd5 19. Bxd5 Rxd5 20. Nd4 Nc6 21. Qf3
Nxd4 22. cxd4 Rxd4 23. a3 Rfd8 24. h3 Qd6 25. g3 h6 26. h4 f5 27. Rae1 e5 28.
Qc3 Kh7 29. Kg2 e4 30. Kh3 f4 31. Kg2 fxg3 32. fxg3 Rd7 33. Rf4 Qd5 34. Qc8 e3+
35. Kh3 Rxf4 36. gxf4 Qf3+ 37. Kh2 Rd2+ 38. Kg1 Qg2# 0-1

[Event "AUTO-OPEN-2094"]
[Site "http://www.queenalice.com/game.php?id=872825"]
[Date "2010.12.16"]
[Round "2"]
[White "ronaldots"]
[Black "alvarogoulart"]
[Result "1-0"]
[WhiteElo "2098"]
[BlackElo "1865"]

1. e4 e5 2. Nf3 d6 3. Bc4 Bg4 4. h3 Bh5 5. d4 exd4 6. c3 Bxf3 7. Qxf3 Qf6 8. Qe2
dxc3 9. Nxc3 c6 10. O-O g6 11. f4 Nd7 12. e5 Qe7 13. Be3 d5 14. Nxd5 cxd5 15.
Bxd5 Qb4 16. e6 fxe6 17. Bxe6 Nc5 18. Bxg8 O-O-O 19. a3 Qe4 20. Qf2 Nd3 21.
Rac1+ Nxc1 22. Rxc1+ Kb8 23. Bxa7+ Ka8 24. Bb6 Re8 25. Bf7 Re7 26. Rc8# 1-0

[Event "AUTO-OPEN-2094"]
[Site "http://www.queenalice.com/game.php?id=872832"]
[Date "2010.12.16"]
[Round "2"]
[White "maurice91"]
[Black "ronaldots"]
[Result "0-1"]
[WhiteElo "1911"]
[BlackElo "2113"]

1. d4 Nf6 2. c4 g6 3. Nc3 Bg7 4. e4 d6 5. Be2 O-O 6. Nf3 e5 7. d5 Nbd7 8. h3 Nc5
9. Bg5 h6 10. Bxf6 Qxf6 11. g3 a5 12. a3 a4 13. Nb5 Qd8 14. Qc2 Bd7 15. Nc3 f5
16. Nd2 Qf6 17. f3 Qg5 18. Rg1 f4 19. Kf2 Bxh3 20. Bf1 Bxf1 21. Kxf1 fxg3 22.
Qd1 h5 23. Qe2 h4 24. Rd1 h3 25. Ke1 Qh4 26. Rc1 h2 27. Rh1 g2+ 28. Qf2 gxh1=Q+
29. Nf1 Nd3+ 0-1

[Event "AUTO-OPEN-2094"]
[Site "http://www.queenalice.com/game.php?id=872833"]
[Date "2010.12.16"]
[Round "2"]
[White "ronaldots"]
[Black "maurice91"]
[Result "1/2-1/2"]
[WhiteElo "2104"]
[BlackElo "1885"]

1. e4 c6 2. d4 d5 3. exd5 cxd5 4. Nf3 Nc6 5. Bd3 Bg4 6. c3 e5 7. dxe5 Nxe5 8.
Be2 Nxf3+ 9. Bxf3 Bxf3 10. Qxf3 Nf6 11. O-O Be7 12. Bg5 O-O 13. Rd1 Qd6 14. Bxf6
Bxf6 15. Rxd5 Qb6 16. b3 Rac8 17. Rd3 Rfe8 18. Nd2 Qa6 19. Nc4 Rcd8 20. Rxd8
Rxd8 21. a4 b6 22. Rd1 Qc8 23. Rxd8+ Bxd8 24. g3 h6 25. Qd5 Bf6 26. Nd6 Qd7 27.
c4 Bc3 28. Kg2 Bb4 29. Qa8+ Kh7 30. Qe4+ g6 31. Nb5 a5 32. h4 Bc5 33. Qf4 Qc6+
34. Kh2 Kg7 1/2-1/2

[Event "AUTO-OPEN-2094"]
[Site "http://www.queenalice.com/game.php?id=872838"]
[Date "2010.12.16"]
[Round "2"]
[White "ronaldots"]
[Black "amarkin"]
[Result "0-1"]
[WhiteElo "2104"]
[BlackElo "2464"]

1. e4 c6 2. d4 d5 3. exd5 cxd5 4. Nf3 Nc6 5. Bd3 Nf6 6. h3 e6 7. O-O Bd6 8. Bg5
h6 9. Bh4 g5 10. Bg3 Bxg3 11. fxg3 Ne4 12. Qe1 f5 13. g4 Qb6 0-1

[Event "AUTO-OPEN-2094"]
[Site "http://www.queenalice.com/game.php?id=872839"]
[Date "2010.12.16"]
[Round "2"]
[White "amarkin"]
[Black "ronaldots"]
[Result "1-0"]
[WhiteElo "2463"]
[BlackElo "2105"]

1. e4 c5 2. Nf3 Nc6 3. Bb5 g6 4. O-O Bg7 5. Nc3 Nd4 6. Bc4 e6 7. Nxd4 Bxd4 8.
Nb5 Be5 9. d4 cxd4 10. f4 Bb8 11. Qxd4 Nf6 12. f5 d5 13. fxe6 1-0

[Event "AUTO-INT-1811"]
[Site "http://www.queenalice.com/game.php?id=894756"]
[Date "2011.2.2"]
[Round "2"]
[White "Peaonegro"]
[Black "ronaldots"]
[Result "0-1"]
[WhiteElo "1567"]
[BlackElo "2124"]

1. d4 Nf6 2. Nc3 g6 3. e4 d6 4. Nf3 Bg7 5. e5 dxe5 6. dxe5 Qxd1+ 7. Nxd1 Ng4 8.
h3 Nxe5 9. Nxe5 Bxe5 10. Bd3 O-O 11. Be3 Nc6 12. O-O Be6 13. f4 Bd4 14. c3 Bg7
15. Bc5 Bf6 16. Nf2 Rfd8 17. a3 Na5 18. Rad1 b6 19. Bd4 Bxd4 20. cxd4 Rxd4 21.
Be4 Rad8 0-1

[Event "AUTO-INT-1811"]
[Site "http://www.queenalice.com/game.php?id=894757"]
[Date "2011.2.2"]
[Round "2"]
[White "ronaldots"]
[Black "Peaonegro"]
[Result "1-0"]
[WhiteElo "2123"]
[BlackElo "1569"]

1. e4 a6 2. d4 d5 3. Nd2 dxe4 4. Nxe4 Nf6 5. Ng3 Nc6 6. Be3 e5 7. dxe5 Qxd1+ 8.
Rxd1 Nxe5 9. Nf3 Nxf3+ 10. gxf3 Be7 11. Bg2 O-O 12. O-O Be6 13. Ne4 Nxe4 14.
fxe4 Bxa2 15. b3 Rad8 16. Ra1 Bxb3 17. cxb3 h5 18. Rfc1 c6 19. Ra5 Rd3 20. Rb1
Re8 21. Rxh5 1-0

[Event "AUTO-INT-1811"]
[Site "http://www.queenalice.com/game.php?id=894761"]
[Date "2011.2.2"]
[Round "2"]
[White "filou"]
[Black "ronaldots"]
[Result "0-1"]
[WhiteElo "1713"]
[BlackElo "2122"]

1. e4 c5 2. Nf3 Nc6 3. b3 d6 4. Nc3 g6 5. Bb2 Bg7 6. Bc4 e6 7. Bb5 Ne7 8. Qe2
O-O 9. O-O-O a6 10. Bxc6 Nxc6 11. Kb1 b5 12. e5 Nxe5 13. Nxe5 Bxe5 14. Ne4 Bxb2
15. Kxb2 Bb7 16. g3 c4 17. bxc4 bxc4 18. Rhg1 Bxe4 19. Qxe4 Qf6+ 20. c3 Rfb8+
21. Kc2 d5 22. Qe2 Qf5+ 23. d3 d4 24. g4 Qa5 25. Rde1 Qxa2+ 26. Kd1 Rb1# 0-1

[Event "AUTO-OPEN-2089"]
[Site "http://www.queenalice.com/game.php?id=903104"]
[Date "2011.2.20"]
[Round "2"]
[White "ronaldots"]
[Black "Kingfish"]
[Result "1-0"]
[WhiteElo "2107"]
[BlackElo "1656"]

1. e4 c5 2. Nf3 d6 3. d4 Nf6 4. Nc3 a6 5. dxc5 Nc6 6. cxd6 exd6 7. Bc4 Bg4 8.
Bf4 Qd7 9. h3 Bxf3 10. Qxf3 Nd4 11. Qd1 Nc6 12. O-O Be7 13. e5 Nxe5 14. Bxe5
dxe5 15. Nd5 Rd8 16. Qf3 b5 17. Rad1 Qc6 18. Bb3 O-O 19. Nxe7+ 1-0

[Event "AUTO-OPEN-2089"]
[Site "http://www.queenalice.com/game.php?id=903105"]
[Date "2011.2.20"]
[Round "2"]
[White "Kingfish"]
[Black "ronaldots"]
[Result "0-1"]
[WhiteElo "1694"]
[BlackElo "2106"]

1. e4 c5 2. Nc3 g6 3. Nge2 Bg7 4. g3 Nc6 5. Bg2 d6 6. d4 cxd4 7. Nxd4 Bxd4 8.
Nd5 Bg7 9. Be3 Nf6 10. Nxf6+ Bxf6 0-1

[Event "AUTO-OPEN-2089"]
[Site "http://www.queenalice.com/game.php?id=912653"]
[Date "2011.3.14"]
[Round "3"]
[White "ronaldots"]
[Black "maubert"]
[Result "0-1"]
[WhiteElo "2114"]
[BlackElo "2212"]

1. e4 c5 2. Nf3 d6 3. d4 cxd4 4. Nxd4 Nf6 5. Nc3 a6 6. Bc4 e6 7. O-O Qc7 8. Qe2
Be7 9. f4 O-O 10. Bd3 Qb6 11. Be3 Qxb2 12. Qd2 Qa3 13. h3 Nbd7 14. g4 h6 15. Kh2
Nc5 16. g5 hxg5 17. fxg5 Nfd7 18. Rf3 Ne5 19. Rf2 b5 20. Rg1 b4 21. Nb1 Qxa2 22.
Qxb4 Ncxd3 23. cxd3 Nxd3 0-1

[Event "AUTO-OPEN-2089"]
[Site "http://www.queenalice.com/game.php?id=912654"]
[Date "2011.3.14"]
[Round "3"]
[White "maubert"]
[Black "ronaldots"]
[Result "1-0"]
[WhiteElo "2154"]
[BlackElo "2125"]

1. d4 Nf6 2. c4 g6 3. Nc3 Bg7 4. e4 d6 5. f3 Nbd7 6. Be3 O-O 7. Bd3 e5 8. d5 a5
9. Nge2 Nc5 10. Bc2 Nfd7 11. O-O Nb6 12. b3 f5 13. exf5 gxf5 14. Qd2 Qf6 15. Nb5
Qe7 16. Bg5 Bf6 17. Bxf6 Rxf6 18. Qg5+ 1-0